South Africa's magnifying glass : a profile of Gauteng province (Record no. 371266)

MARC details
000 -LEADER
fixed length control field 00317nam a2200097Ia 4500
082 ## - DEWEY DECIMAL CLASSIFICATION NUMBER
Classification number 361.6096822 SOUT
008 - FIXED-LENGTH DATA ELEMENTS--GENERAL INFORMATION
fixed length control field 210817s9999 xx 000 0 und d
100 ## - MAIN ENTRY--PERSONAL NAME
Personal name Kok, Pieter Pretoria, South Africa, 1998
9 (RLIN) 81822
245 #0 - TITLE STATEMENT
Title South Africa's magnifying glass : a profile of Gauteng province
942 ## - ADDED ENTRY ELEMENTS
item type Books

No items available.